=LDR 00000nam 2200000 4500 =001 INLIS000000000003588 =005 20130612091906 =008 ***********************************Ind** =035 ##$$0010-061300000003588 =041 ##$$a Ind =082 ##$$a 615 =090 ##$$a 615, Sar r =100 ##$$a Sarjoko =245 ##$$a Rancangan obat, Sardjoko =260 ##$$a 1993 $b Yogyakarta =300 ##$$a 299 hlm., ilus., 21 cm =650 ##$$a Obat, Formula =850 ##$$a NBPNMAT =990 ##$$a 0001/BPAP-NTB/2015 =990 ##$$a 79027902 =990 ##$$a 00030918 =990 ##$$a DW99000601 =990 ##$$a DW99000602 =990 ##$$a DW99000603 =990 ##$$a DW99000604 =990 ##$$a 0001/BPAP-NTB/2015 =990 ##$$a 01201707902 =990 ##$$a 3119331193